000 01466nam0a22003251 4500
001 RU\INFOCOMM_327\NLR\5000076408
005 20250614080603.0
035 _a(NLR Aleph) 010605545
090 _a10551895
_c10551895
100 _a20130325d1986 |||y0rusy50 ca
101 0 _aeng
_drus
102 _aRU
105 _ay z||||
200 1 _aQCD-analysis of singlet structure functions using Jacobi polynomials
_eThe description of the method
_fV. G. Krivokhijin, S. P. Kurlovich, V. V. Sanadze et al.
210 _aДубна
_cОбъед. ин-т ядер. исслед.
_d1986
215 _a23 с.
_cил.
_d22 см
225 1 _aОбъединенный институт ядерных исследований, Дубна
_vЕ2-86-564
300 _aНа 3-й с. обл.: Метод КХД-анализа синглетных структурных функций с помощью разложения по полиномам Якоби / Кривохижин В. Г. и др.
300 _aРез. на рус. яз.
300 _a"Submitted to "Ztschr. für Physik"
320 _aБиблиогр.: с. 495
606 0 _aКвантовая хромодинамика
_2nlr_sh1
686 _aВ382.145
_2rubbk
701 1 _9z01790
_aKrivochižin
_bV. G.
_gVasilij Gennadievič
790 1 _9z01701
_aKrivokhijin
_bV. G.
_4070
801 1 _aRU
_bInfocomm
_c20130325
801 0 _aRU
_bINFOCOMM
_gPSBO
852 _aNLR
_jФз01 Д-6/441
942 _cBOOK
980 _aNB